000 00833cam a22002774a 4500
001 43836428
003 OCoLC
005 20150408113724.0
007 cr mnu
008 000327s2000 flua b 001 0 eng
010 _a00036098
020 _a1584880694 (acidfree paper)
040 _aDLC
_cDLC
042 _apcc
050 0 0 _aQA273.6
_b.K37 2000
082 0 0 _a519.2/4
_221
100 1 _aKarian, Zaven A.
_94516
245 1 0 _aFitting statistical distributions
_bthe Generalized Lambda Distribution and Generalized Bootstrap methods /
_cZaven A. Karian and Edward J. Dudewicz.
260 _aBoca Raton
_bCRC Press,
_cc2000.
300 _bill. ;
_c24 cm.
_aIn
504 _aOn
530 _aDi
650 _aDistribution (Probability theory)
_94482
700 _aDudewicz, Edward J
_94517
942 _2ddc
_cDVD
999 _c930
_d235430